000 01254nam a22002777a 4500
001 20214
003 CO-MdFUSB
005 20180622072741.0
008 170509t2001 e ||||| |||| 00| 0 eng d
020 _a1-85075-600-7
040 _aCO-MdFUSB
_bspa
_cCO-MdFUSB
_dCO-MdFUSBC
_erda
041 _aeng
082 0 4 _aG 220.15 G41b
100 1 _aGlazov, Gregory Yuri
_eautor
245 4 _aThe bridling of the tongue and the opening of the mouth in biblical prophecy
_c / Gregory Yuri Glazov
264 4 _aSheffield, England :
_b Sheffield Academic Press,
_c©2001
300 _a449 páginas
336 _2rdacontent
_a1
_ba1
337 _2rdamedia
_a2
_b5
338 _2rdacarrier
_a2
_b5
500 _aIncluye índices (p. 424-449)
501 _aPasta dura
505 0 0 _aEl bridaje de la lengua y la apertura de la boca en la profecía bíblica - Las objeciones proféticas y sus resoluciones en los regímenes modernos de las llamadas narraciones - La apertura de la boca de Moisés - La purificación de los labios de Isaías - El silenciamiento de Jeremías - El mutismo expiatorio de Ezequiel y la apertura de su boca - La apertura de la boca y el bridaje de la lengua en la profecía de los cultos
653 _aProfecías bíblicas
942 _cBK
999 _c46565
_d46565